<?xml version="1.0" encoding="UTF-8"?><?xml-stylesheet type="text/xsl" href="static/style.xsl"?><OAI-PMH xmlns="http://www.openarchives.org/OAI/2.0/" xmlns:xsi="http://www.w3.org/2001/XMLSchema-instance" xsi:schemaLocation="http://www.openarchives.org/OAI/2.0/ http://www.openarchives.org/OAI/2.0/OAI-PMH.xsd"><responseDate>2026-04-18T07:35:46Z</responseDate><request verb="GetRecord" identifier="oai:riubu.ubu.es:10259/4622" metadataPrefix="marc">https://riubu.ubu.es/oai/request</request><GetRecord><record><header><identifier>oai:riubu.ubu.es:10259/4622</identifier><datestamp>2022-04-26T11:42:12Z</datestamp><setSpec>com_10259_2699</setSpec><setSpec>col_10259_2705</setSpec></header><metadata><record xmlns="http://www.loc.gov/MARC21/slim" xmlns:doc="http://www.lyncode.com/xoai" xmlns:xsi="http://www.w3.org/2001/XMLSchema-instance" xmlns:dcterms="http://purl.org/dc/terms/" xsi:schemaLocation="http://www.loc.gov/MARC21/slim http://www.loc.gov/standards/marcxml/schema/MARC21slim.xsd">
<leader>00925njm 22002777a 4500</leader>
<datafield tag="042" ind1=" " ind2=" ">
<subfield code="a">dc</subfield>
</datafield>
<datafield tag="720" ind1=" " ind2=" ">
<subfield code="a">Pérez Ruiz, Marta</subfield>
<subfield code="e">author</subfield>
</datafield>
<datafield tag="260" ind1=" " ind2=" ">
<subfield code="c">2016</subfield>
</datafield>
<datafield tag="520" ind1=" " ind2=" ">
<subfield code="a">Esta investigación estudia el trabajo desarrollado por el Centro Territorial de&#xd;
TVE en Castilla y León, cuál ha sido su situación en la estructura autonómica&#xd;
de la televisión pública y qué cambios ha vivido durante el periodo 1982-&#xd;
2012. La evolución de esta delegación ha estado marcada por la realización&#xd;
de programas de televisión de proximidad y por dar cobertura a las&#xd;
informaciones más destacadas de esta región. Además, esta programación ha&#xd;
estado condicionada por distintos factores que han provocado desiguales&#xd;
niveles de producción a lo largo de estos años.</subfield>
</datafield>
<datafield tag="520" ind1=" " ind2=" ">
<subfield code="a">This research examines the work done by the Territorial Center of TVE in&#xd;
Castille and Leon, its situation in the autonomic structure of public television&#xd;
and the changes it has undergone within the period of 1982-2012. The&#xd;
evolution of this delegation has been marked by the performance of&#xd;
proximity television programs and by the coverage of the most outstanding&#xd;
information about this region. In addition, this programming has been&#xd;
conditioned by several factors that have led to uneven production levels&#xd;
throughout these years.</subfield>
</datafield>
<datafield tag="024" ind2=" " ind1="8">
<subfield code="a">http://hdl.handle.net/10259/4622</subfield>
</datafield>
<datafield tag="024" ind2=" " ind1="8">
<subfield code="a">10.36443/10259/4622</subfield>
</datafield>
<datafield ind1=" " ind2=" " tag="653">
<subfield code="a">Televisión de proximidad</subfield>
</datafield>
<datafield ind1=" " ind2=" " tag="653">
<subfield code="a">Castilla y León</subfield>
</datafield>
<datafield ind1=" " ind2=" " tag="653">
<subfield code="a">Televisión pública</subfield>
</datafield>
<datafield ind1=" " ind2=" " tag="653">
<subfield code="a">Producción</subfield>
</datafield>
<datafield ind1=" " ind2=" " tag="653">
<subfield code="a">TVE</subfield>
</datafield>
<datafield ind1=" " ind2=" " tag="653">
<subfield code="a">Proximity televisión</subfield>
</datafield>
<datafield ind1=" " ind2=" " tag="653">
<subfield code="a">Castille and Leon</subfield>
</datafield>
<datafield ind1=" " ind2=" " tag="653">
<subfield code="a">Public televisión</subfield>
</datafield>
<datafield ind1=" " ind2=" " tag="653">
<subfield code="a">Production</subfield>
</datafield>
<datafield tag="245" ind1="0" ind2="0">
<subfield code="a">Televisión de proximidad en el ámbito autonómico: el caso de TVE Castilla y León 1982-2012</subfield>
</datafield>
</record></metadata></record></GetRecord></OAI-PMH>